| 000 | 00350nam a2200133Ia 4500 | ||
|---|---|---|---|
| 008 | 240624s9999 xx 000 0 und d | ||
| 041 | _aeng | ||
| 082 | _a309 IRA | ||
| 100 | _aIRANI MEHRAB | ||
| 245 | _aMAD MONEY JOURNEY A FINANCIAL ADVENTURE | ||
| 260 |
_c2015 _aMumbai _bJaico Publishing |
||
| 300 | _axvi, : 229 : p. : cm. ; 21 | ||
| 365 |
_cRS _b35 |
||
| 999 |
_c26764 _d26764 |
||